00826nam a2200277 a 450000100060000000300080000600500170001400800410003102000220007202000210009402000210011502000210013603500140015704000250017104100080019608200250020424500560022926000510028530000270033650400410036350500340040465000250043865000210046370000290048470000350051314285BD-RjUL20211208235613.0170521m1983 enka b 000 0 eng d a01227030149 (V-4) a0122703030 (V-3) a0122703022 (V-2) a0122703014 (V-1) a(BD-RjUL) aLCbengcLCdBD-RjUL aeng14a660.65223bGEN 198300aGenetic engineering /cedited by Robert Williamson. aLondon ;aNew York :bAcademic Press,cc1983 avol. :bill. ;c23 cm. aIncludes bibliographical references.0 aVol. 1-- v. 2-- v. 3-- v. 4-- 0aGenetic engineering. 0aRecombinant DNA.1 aWilliamson, R.q(Robert)1 aRigby, P. W. J.q(Peter W. J.)